[Event "Goa op 1st"]
[Site "Taleigao"]
[Date "2018.10.13"]
[Round "1"]
[White "Niraula, Niraj"]
[Black "Vignesh, NR."]
[Result "0-1"]
[WhiteElo "1932"]
[BlackElo "2447"]
[PlyCount "70"]
[EventDate "2018.10.13"]
[EventType "swiss"]
[EventRounds "10"]
[EventCountry "IND"]
[SourceTitle "CBM 186 Extra"]
[Source "ChessBase"]
[SourceDate "2018.08.24"]
[SourceVersion "1"]
[SourceVersionDate "2018.08.24"]
[SourceQuality "1"]

1. Nf3 d5 2. b3 Nf6 3. Bb2 g6 4. g3 Bg7 5. Bg2 0-0 6. 0-0 c5 7. e3 Bg4 8. d4 Nc6 9. Nbd2 Ne4 10. h3 Bxf3 11. Nxf3 Rc8 12. a3 e6 13. Rb1 Qa5 14. Qd3 b5 15. c4 bxc4 16. bxc4 Qa6 17. Ne1 cxd4 18. exd4 Na5 19. Bxe4 dxe4 20. Qxe4 Nxc4 21. Qd3 Qa5 22. Bc3 Qxa3 23. Ra1 Qe7 24. Nc2 Rfd8 25. Bb4 Qd7 26. Rfc1 Ne5 27. Qa6 Nf3+ 28. Kg2 Nxd4 29. Nxd4 Bxd4 30. Rd1 Qd5+ 31. Kh2 Rc2 32. Be1 Rdc8 33. Rd2 Qc4 34. Qxc4 R8xc4 35. Rxc2 Rxc2 0-1

[Event "Gujarat op 1st"]
[Site "Ahmedabad"]
[Date "2018.10.07"]
[Round "3"]
[White "Niraula, Niraj"]
[Black "Jubin, Jimmy"]
[Result "1/2-1/2"]
[WhiteElo "1932"]
[BlackElo "2308"]
[PlyCount "143"]
[EventDate "2018.10.05"]
[EventType "swiss"]
[EventRounds "10"]
[EventCountry "IND"]
[SourceTitle "CBM 186 Extra"]
[Source "ChessBase"]
[SourceDate "2018.08.24"]
[SourceVersion "1"]
[SourceVersionDate "2018.08.24"]
[SourceQuality "1"]

1. Nf3 Nf6 2. g3 d5 3. Bg2 c5 4. b3 g6 5. Bb2 Bg7 6. 0-0 0-0 7. d3 Nc6 8. Nbd2 Qc7 9. a3 e5 10. e4 Rd8 11. exd5 Nxd5 12. Rb1 h6 13. Re1 Be6 14. Ne4 b6 15. Qd2 f5 16. Nc3 e4 17. Nxd5 Bxd5 18. Nh4 Bxb2 19. Rxb2 Qg7 20. Rbb1 Qc7 21. Rb2 Qg7 22. Rbb1 Ne5 23. Qe2 exd3 24. Qxe5 Qxe5 25. Rxe5 dxc2 26. Rc1 Be4 27. Rxe4 fxe4 28. Rxc2 Rd1+ 29. Bf1 Kg7 30. Ng2 Rad8 31. Ne3 Rb1 32. b4 cxb4 33. axb4 Rxb4 34. Rc7+ Kf6 35. Rxa7 Rb2 36. Rb7 Rb1 37. Kg2 h5 38. h4 Rd6 39. Bc4 Rc6 40. Bd5 Rc5 41. Bxe4 Rb2 42. g4 hxg4 43. Nxg4+ Ke6 44. Bxg6 b5 45. h5 b4 46. Bf7+ Kf5 47. h6 Kxg4 48. h7 Rf5 49. Rxb4+ Rxb4 50. h8Q Rbf4 51. Qh3+ Kg5 52. Qh5+ Kf6 53. Qg6+ Ke7 54. Qe6+ Kf8 55. Qe8+ Kg7 56. Qg8+ Kf6 57. Qg6+ Ke7 58. Bc4 Rxf2+ 59. Kg1 Rf6 60. Qg7+ Kd6 61. Qg3+ Ke7 62. Qc7+ Ke8 63. Bd5 R2f4 64. Qc8+ Ke7 65. Qc7+ Ke8 66. Bc6+ Kf8 67. Qd8+ Kg7 68. Qd7+ Kh6 69. Qh3+ Kg7 70. Qd7+ Kh6 71. Qh3+ Kg7 72. Qd7+ 1/2-1/2

[Event "Kathmandu op"]
[Site "Kathmandu"]
[Date "2018.04.15"]
[Round "5"]
[White "Thing, Bibek"]
[Black "Niraula, Niraj"]
[Result "1-0"]
[WhiteElo "2263"]
[BlackElo "1994"]
[PlyCount "125"]
[EventDate "2018.04.13"]
[EventType "swiss"]
[EventRounds "9"]
[EventCountry "NEP"]
[SourceTitle "CBM 183 Extra"]
[Source "ChessBase"]
[SourceDate "2018.04.19"]
[SourceVersion "1"]
[SourceVersionDate "2018.04.19"]
[SourceQuality "1"]

1. e4 d5 2. exd5 Qxd5 3. Nc3 Qd6 4. d4 Nf6 5. Bc4 a6 6. Nge2 e6 7. Bf4 Qd8 8. Qd3 b5 9. Qf3 Ra7 10. Bd3 Bb7 11. Ne4 Nbd7 12. Rd1 Be7 13. 0-0 0-0 14. N2g3 Nxe4 15. Bxe4 Bxe4 16. Nxe4 Nf6 17. Nxf6+ Bxf6 18. Be5 Bxe5 19. dxe5 Qe7 20. Qc6 Rd8 21. a4 bxa4 22. Qxa4 Raa8 23. Qc6 Rab8 24. b3 Rb6 25. Qc4 Rb5 26. g3 h6 27. Rfe1 Rxd1 28. Rxd1 Rxe5 29. Qxa6 Kh7 30. Qd3+ f5 31. Qc3 Rc5 32. Qb4 f4 33. Qxf4 Qf6 34. Qe4+ Qg6 35. Qxg6+ Kxg6 36. c4 Rc6 37. Rd3 Rb6 38. Kg2 c5 39. Kf3 Kf5 40. Ke2 Kg4 41. h4 Ra6 42. Re3 Ra2+ 43. Kf1 Kf5 44. Rf3+ Ke4 45. Rf7 Rb2 46. Rxg7 Rxb3 47. Rg6 Rc3 48. Rxh6 e5 49. Rg6 Kf3 50. Rf6+ Kg4 51. Kg2 Rc2 52. Rf8 Rxc4 53. f3+ Kh5 54. Rf6 Rc1 55. Rf5+ Kg6 56. Rxe5 Rc2+ 57. Kh3 c4 58. g4 Kf6 59. Rc5 Ke6 60. h5 Kd6 61. Rc8 Kd7 62. h6 Rc1 63. Kg2 1-0

[Event "BAN-chT"]
[Site "Dhaka"]
[Date "2013.11.06"]
[Round "5"]
[White "Hossain, Enamul"]
[Black "Niraula, Niraj"]
[Result "1-0"]
[WhiteElo "2443"]
[BlackElo "2016"]
[PlyCount "85"]
[EventDate "2013.11.02"]
[EventType "team-tourn"]
[EventRounds "9"]
[EventCountry "BAN"]
[SourceTitle "CBM 157 Extra"]
[Source "ChessBase"]
[SourceDate "2013.12.19"]
[SourceVersion "1"]
[SourceVersionDate "2013.12.19"]
[SourceQuality "1"]

1. e4 e5 2. Nf3 Nc6 3. d4 exd4 4. Bc4 Nf6 5. e5 Ne4 6. 0-0 d5 7. exd6 Nxd6 8. Bd5 Be7 9. Bxc6+ bxc6 10. Nxd4 Bd7 11. Qf3 0-0 12. Nxc6 Bxc6 13. Qxc6 Bf6 14. Nc3 Rb8 15. Rb1 Bxc3 16. Qxc3 Nb5 17. Qc5 Qd4 18. Be3 Qxc5 19. Bxc5 Rfd8 20. Rfd1 a6 21. Kf1 f6 22. c4 Nd6 23. Bxd6 Rxd6 24. Rxd6 cxd6 25. b3 Kf7 26. Rd1 Ke6 27. Rd5 Rc8 28. Ra5 Rc6 29. Ke2 Kd7 30. Kd3 Kc7 31. Kd4 Kb7 32. Rh5 h6 33. Rh3 Rc7 34. Kd5 Rd7 35. Re3 Kc7 36. b4 Kb7 37. Re6 Kc7 38. a4 a5 39. b5 h5 40. b6+ Kxb6 41. Rxd6+ Rxd6+ 42. Kxd6 Kb7 43. Kc5 1-0

[Event "BAN-chT"]
[Site "Dhaka"]
[Date "2013.11.03"]
[Round "2"]
[White "Chatterjee, Debaraj"]
[Black "Niraula, Niraj"]
[Result "1-0"]
[WhiteElo "2262"]
[BlackElo "2016"]
[PlyCount "53"]
[EventDate "2013.11.02"]
[EventType "team-tourn"]
[EventRounds "9"]
[EventCountry "BAN"]
[SourceTitle "CBM 157 Extra"]
[Source "ChessBase"]
[SourceDate "2013.12.19"]
[SourceVersion "1"]
[SourceVersionDate "2013.12.19"]
[SourceQuality "1"]

1. d4 Nf6 2. c4 e6 3. g3 d5 4. Nf3 c5 5. cxd5 exd5 6. Bg2 Nc6 7. 0-0 Bd6 8. Nc3 c4 9. Bg5 Be6 10. b3 Bb4 11. Rc1 h6 12. Bxf6 Qxf6 13. bxc4 Bxc3 14. cxd5 Nxd4 15. Rxc3 Nxe2+ 16. Qxe2 Qxc3 17. dxe6 0-0 18. exf7+ Rxf7 19. Ne5 Re8 20. f4 Rd7 21. Qh5 Qd4+ 22. Kh1 Rde7 23. Qg6 Re6 24. Qf7+ Kh7 25. Qf5+ Kh8 26. Ng6+ Kg8 27. Bd5 1-0